000 00970nam a2200277 i 4500
003 CO-BoRNBP
005 20250121163433.0
007 ta
008 250121s2022 Uy ag||| |||| 00| 0 spa d
020 _a9789915662763
040 _aCO-BoRNBP
_bspa
_cCO-BoRNBP
_erda
041 _aspa
084 _aC CUE
245 1 _aUna amistad mágica
_bSolapitas/
_cLake Press Pty; ilustraciones, Dotty Lottie
250 _aPrimera edición
264 4 _aMontevideo, Uruguay,
_bLatinbooks International S.A.
_c2022
300 _a10 páginas,
_bilustraciones a color, Páginas de Cartón Troqueladas,10 Botones Sonoros.
_calto 27 cm ancho 21 cm
336 _2rdacontent
_atexto
_btxt
337 _2rdamedia
_asin mediación
_bn
338 _2rdacarrier
_avolumen
_bnc
490 _aPaleta de sonidos
_pSolapitas
650 _2LEMB
_aLiteratura infantil
_92746
650 _2LEMB
_aCuento
_vinfantil
_957608
650 _2LEMB
_aamistad
_vprincesa
_xunicornio
_957609
942 _2ddc
_cBKINF
999 _c56799
_d56799